The insider : (Record no. 90575)

MARC details
000 -LEADER
fixed length control field 00507nam a22001817a 4500
005 - DATE AND TIME OF LATEST TRANSACTION
control field 20150107104619.0
010 ## - LCCN (DPL NO)
LC control number ENG-111513
020 ## - INTERNATIONAL STANDARD BOOK NUMBER
International Standard Book Number 9788174878601
Terms of availability 495.00
035 ## - SYSTEM CONTROL NUMBER
System control number EN-95045
037 ## - SOURCE OF ACQUISITION
Source of stock number/acquisition DBAD/PUB
082 ## - DEWEY DECIMAL CLASSIFICATION NUMBER
Classification number N
100 ## - MAIN ENTRY--PERSONAL NAME
Personal name Jagdish Prasad Singh
245 ## - TITLE STATEMENT
Title The insider :
Statement of responsibility, etc by Jagdish Prasad Singh
Remainder of title a novel /
260 ## - PUBLICATION, DISTRIBUTION, ETC. (IMPRINT)
Place of publication, distribution, etc New Delhi
Name of publisher, distributor, etc Radha Publications
Date of publication, distribution, etc 2013
270 ## - ADDRESS
Address 4231/1,Ansari Road,Daryaganj
City New Delhi
Postal code 110002
300 ## - PHYSICAL DESCRIPTION
Extent 192p. :
Dimensions 22cm(pbk)
942 ## - ADDED ENTRY ELEMENTS (KOHA)
Source of classification or shelving scheme Dewey Decimal Classification
Item type English Books
Call number suffix JAG
Classification part N
Holdings
Withdrawn status Lost status Not for loan Collection code Home library Current library Date acquired Source of acquisition Cost, normal purchase price Full call number Barcode Copy number Cost, replacement price Koha item type
    Not For Loan Fiction D.B.Act.Division D.B.Act.Division 06/01/2015 DBAD / PUB 495.00 N JAG EN-95045 1 495.00 English Books

© Delhi Public Library
Hit Counter
free hit counter